000
00281nam a22001337a 4500
020
_a
978-93-91924-57-7
082
_a
823
_b
MAP/B
100
_a
MAPLE KIDS
245
_a
THE BLUE JACKAL
260
_a
NOIDA
_b
MAPLE KIDS
_c
2022
300
_a
16
520
_a
MORAL STORIES
942
_c
BK
999
_c
6839
_d
6839